000 00861nam a2200229 a 4500
008 120606s2006 ||||||||||||||||| || u
020 _a0443101507
050 _aRC 78.7.U4 Bow
100 _aMcLaughlin, Russell E
245 1 0 _aEmergency ultrasound made easy
_cedited by Justin Bowra and Russell E. McLaughlin
260 _aOxford:
_bElsevier
_c2006
300 _axi, 163p.: ill.
350 _a0.00
650 3 _aEMERGENCY MEDICAL SERVICES--METHODS
650 0 _aULTRASONIC IMAGING
650 0 _aDIAGNOSTIC ULTRASONIC IMAGING
650 3 _aULTRASONOGRAPHY--METHODS
650 0 _aEMERGENCY MEDICINE--DIAGNOSIS
650 3 _aEMERGENCIES
700 _aBowra, Justin
995 _aMEDICAL LIBRARY OPEN ACCESS
_e901696
_FCBU-SCHOOL OF MEDICINE LIBRARY (Ndola)
_I0.00
_jRC 78.7.U4 Bow
_M1
_UAVAILABLE
_WJun 6, 2012
_y901696
_ZMedical Library Open Access Collection
999 _c31331
_d31331